| 000 | 00691cab a2200217 4500 | ||
|---|---|---|---|
| 001 | ABS51474 | ||
| 008 | 090401t1994 xxu||||| |||| 00| 0 eng d | ||
| 035 | _a(Sirsi) u29119 | ||
| 041 | _aeng | ||
| 100 | _aBlake, A. | ||
| 245 | _aLEAF audit : step in right direction | ||
| 260 | _c1994 | ||
| 350 | _a0 | ||
| 490 |
_aFarmers' Weekly _vSupplement 2 September 1994, S8-S9(2) |
||
| 520 | _aDiscusses one farmer`s experience of filling out the form for a LEAF audit whereby farmers may assess their environmental practices and policies in a structured way. | ||
| 650 | _aENVIRONMENTAL AUDITS | ||
| 650 | _aLEAF AUDIT | ||
| 690 | _aRURAL PRACTICE | ||
| 942 | _n0 | ||
| 948 | _c04/03/1997 | ||
| 999 |
_c19603 _d19603 |
||